Matched with his hour : (Record no. 5856)

MARC details
000 -LEADER
fixed length control field 00725nam a2200241 i 4500
001 - CONTROL NUMBER
control field 3167600
003 - CONTROL NUMBER IDENTIFIER
control field GBCCL
005 - DATE AND TIME OF LATEST TRANSACTION
control field 20241126110551.0
008 - FIXED-LENGTH DATA ELEMENTS--GENERAL INFORMATION
fixed length control field 751022s1974 enk 000 0 eng
010 ## -
-- 75327296
015 ## -
-- GB 75-03898
020 ## - INTERNATIONAL STANDARD BOOK NUMBER
International Standard Book Number 0850090490
040 ## - CATALOGING SOURCE
Original cataloging agency DLC
Transcribing agency DLC
Modifying agency DLC
050 00 -
-- BV2370.W93
-- T47
082 00 - DEWEY DECIMAL CLASSIFICATION NUMBER
Classification number 220.5
Item number THO
100 1# - MAIN ENTRY--PERSONAL NAME
Personal name Thompson, Phyllis
9 (RLIN) 3768
245 10 - TITLE STATEMENT
Title Matched with his hour :
Remainder of title The story of the British home base of the Wycliffe Bible Translators /
Statement of responsibility, etc. Phyllis Thompson
260 ## - PUBLICATION, DISTRIBUTION, ETC.
Place of publication, distribution, etc. London :
Name of publisher, distributor, etc. Word Books,
Date of publication, distribution, etc. 1974.
300 ## - PHYSICAL DESCRIPTION
Extent 126 p. ;
Dimensions 18 cm.
650 ## - SUBJECT ADDED ENTRY--TOPICAL TERM
Topical term or geographic name entry element Wycliffe Bible Translators
9 (RLIN) 10603
906 ## - LOCAL DATA ELEMENT F, LDF (RLIN)
a 7
b cbc
c orignew
d 3
e ncip
f 19
g y-gencatlg
942 ## - ADDED ENTRY ELEMENTS (KOHA)
Source of classification or shelving scheme Dewey Decimal Classification
Koha item type Books
Holdings
Withdrawn status Lost status Source of classification or shelving scheme Damaged status Not for loan Home library Current Library Shelving location Date acquired Total checkouts Full call number Barcode Date last seen Copy number Price effective from Koha item type
    Dewey Decimal Classification     GRACE BIBLE COLLEGE GRACE BIBLE COLLEGE Biblical Studies 2018-04-11   220.5 THO 002231 2025-05-01 c.1 2018-04-11 Books
© Grace Bible College Library 2025